[Event "New York Marshall CC 04"]
[Site "New York"]
[Date "2025.04.19"]
[Round "2"]
[White "Paruchuri, Naveen"]
[Black "Wu, Darren"]
[Result "1-0"]
[WhiteElo "1878"]
[BlackElo "1600"]
[PlyCount "83"]
[EventDate "2025.04.18"]
[EventType "swiss"]
[EventRounds "5"]
[EventCountry "USA"]
[SourceTitle "CB17_2025"]
[SourceDate "2025.04.23"]
[SourceVersion "1"]
[SourceVersionDate "2025.04.23"]
[SourceQuality "1"]

1. d4 Nf6 2. c4 e6 3. Nf3 Bb4+ 4. Bd2 Qe7 5. Nc3 0-0 6. Qc2 b6 7. e4 d6 8. a3 Bxc3 9. Bxc3 Bb7 10. Bd3 h6 11. 0-0 Rd8 12. Rfe1 Nbd7 13. e5 dxe5 14. Nxe5 c5 15. b4 cxd4 16. Bxd4 Rac8 17. Rad1 Nf8 18. Bb2 Nh5 19. Be4 Nf6 20. Bxb7 Qxb7 21. Rd3 Rxd3 22. Qxd3 N8d7 23. Rd1 Nxe5 24. Bxe5 Qe4 25. Bxf6 Qxd3 26. Rxd3 gxf6 27. Rc3 Kf8 28. Kf1 Ke7 29. Ke2 Kd6 30. Ke3 e5 31. g4 a5 32. Ke4 Ke6 33. bxa5 bxa5 34. c5 Rc6 35. Rc2 h5 36. f3 Rc7 37. c6 hxg4 38. fxg4 Kd6 39. h4 Rc8 40. c7 Ke7 41. Kd5 Kd7 42. h5 1-0

[Event "Pan American-ch U08 34th"]
[Site "Orlando"]
[Date "2024.07.17"]
[Round "4"]
[White "Wu, Darren"]
[Black "Li, Aiden Linyuan"]
[Result "0-1"]
[WhiteElo "1605"]
[BlackElo "1869"]
[PlyCount "116"]
[EventDate "2024.07.15"]
[EventType "swiss"]
[EventRounds "9"]
[EventCountry "USA"]
[SourceTitle "EXT 2025"]
[Source "ChessBase"]
[SourceDate "2024.10.14"]
[SourceVersion "1"]
[SourceVersionDate "2024.10.14"]
[SourceQuality "1"]

1. d4 d5 2. e3 Bf5 3. Bd3 Bg6 4. f4 e6 5. Nf3 Nf6 6. c3 Ne4 7. 0-0 Nd7 8. Be2 f6 9. Nbd2 Nd6 10. c4 c6 11. Qb3 b6 12. Bd3 Be7 13. Re1 Bxd3 14. Qxd3 f5 15. Ne5 Nxe5 16. fxe5 Nf7 17. Nf3 g5 18. cxd5 cxd5 19. Qb5+ Qd7 20. Qxd7+ Kxd7 21. Re2 g4 22. Ne1 Rac8 23. Nd3 Ng5 24. b3 Rc3 25. Ne1 Rhc8 26. Bb2 R3c6 27. a3 Ne4 28. Kf1 Bh4 29. Nd3 Rc2 30. Nc5+ R8xc5 31. dxc5 Nd2+ 32. Rxd2 Rxd2 33. Bd4 Kc7 34. Rc1 Kb7 35. b4 f4 36. Bc3 Rf2+ 37. Kg1 fxe3 38. Be1 Bg5 39. c6+ Kc7 40. Bxf2 exf2+ 41. Kxf2 Bxc1 42. b5 Bf4 43. g3 Bxe5 44. a4 Bd6 45. Ke3 e5 46. Kd3 e4+ 47. Ke3 Bc5+ 48. Ke2 d4 49. Kd2 Bb4+ 50. Ke2 d3+ 51. Kd1 e3 52. a5 Bxa5 53. h4 e2+ 54. Kc1 e1Q+ 55. Kb2 Qc3+ 56. Kb1 Bb4 57. h5 Ba3 58. h6 Qb2# 0-1